Biggest "S" cities - Statistics

General Stats
  • This quiz has been taken 23 times
  • The average score is 11 of 44
Answer Stats
Country "S" City % Correct
Bulgaria Sofia
86%
Russia Saint Petersburg
71%
Bosnia and Herzegovina Sarajevo
71%
Germany Stuttgart
71%
Austria Salzburg
67%
San Marino San Marino
67%
Croatia Split
67%
Sweden Stockholm
67%
United Kingdom Sheffield
62%
North Macedonia Skopje
62%
France Strasbourg
57%
Spain Sevilla
52%
Liechtenstein Schaan
48%
Norway Stavanger
43%
Poland Szczecin
43%
Italy Salerno
38%
Hungary Szeged
29%
Albania Shkodër
24%
Romania Sibiu
19%
Switzerland Saint Gallen
14%
Cyprus Strovolos
14%
Serbia Subotica
14%
Portugal Setúbal
10%
Lithuania Šiauliai
10%
Ukraine Sumy
10%
Montenegro Šavnik
5%
Iceland Selfoss
5%
Malta Sliema
5%
Belgium Saint-Gilles
0%
Latvia Salaspils
0%
Finland Salo
0%
Andorra Sant Julià de Lòria
0%
Netherlands Schiedam
0%
Luxembourg Schifflange
0%
Turkey Silivri
0%
Estonia Sillamäe
0%
Slovenia Slovenj Gradec
0%
Belarus Slutsk
0%
Moldova Soroca
0%
Greece Sparta
0%
Slovakia Spišská Nová Ves
0%
Czech Republic Šumperk
0%
Denmark Svendborg
0%
Ireland Swords
0%
No matching quizzes found
Score Distribution
Percent of People with Each Score
Percentile by Number Answered
Your Score History
You have not taken this quiz